| 000 | 00476nam a2200169Ia 4500 | ||
|---|---|---|---|
| 003 | GCL | ||
| 008 | 140319s9999 xx 000 0 eng d | ||
| 040 |
_aGCL / _cGCL |
||
| 082 | 0 | 4 |
_a724.5 _bV W |
| 100 | 1 | _aVIDLER, ANTHONY | |
| 245 | 1 | 0 |
_aTHE WRITING OF THE WALLS: ARCHITECTURAL THEORY IN THE LATE ENLIGHTNMENT / _cVIDLER, ANTHONY |
| 260 |
_a[S.N] : _bBUTTERWARTH ARCHITECTURE ، _c1987 |
||
| 300 | _a230 P | ||
| 650 | 0 | 4 | _aARTS |
| 650 | 0 | 4 | _aARCHITECTURE |
| 942 |
_2ddc _cBK |
||
| 999 |
_c17907 _d17907 |
||